00746nam a22002057a 4500999001900000005001700019010001600036020002600052035001400078037001300092082000600105100001700111245004400128260004900172270005100221300004500272942002000317952008600337952011700423 c194518d19451820221227144948.0 aENG- 135951 a9789390961474c525.00 aEN-119483 bDBAD/PUB aS aSathe, Nitin a1971.1999. War stories/cby Nitin Sathe aNew DelhibVitasta publishing Pvt. Ltdc2023 a2/15, Ansari road,DaryaganjbNew Delhie110002 avii, 221p. bAcknowledgementsc21cm(hbk) 2ddccENmSAThS 00104070aDBADbDBADd2022-12-27l0oS SATr2022-12-27 00:00:00w2022-12-27yEN 001040708FICaDIZbDIZd2022-12-27eDBAD/PUBg525.00l0oS SATpEN-119483r2022-12-27 00:00:00t1v525.00yEN